01329cam a2200265 a 450000100100000000500170001000800410002704000250006808200200009310000490011324501370016226000600029930000320035949000240039150400500041565100550046565100570052070000370057770000300061483000310064495201170067595201230079295201330091599900150104800000697520200929154033.0850618s1984 nq b b 001 0 spa  aDO-SdBNPbspacBNPHU a320.7285bS217p1 aSandino, Augusto César,d1895-1934.91068213aEl pensamiento vivo /cAugusto César Sandino ; introducción, selección y notas de Sergio Ramírez ; edición Manuel Mejía. aManagua, Nicaragua :bEditorial Nueva Nicaragua,c1984. a2 v. :bil., mapa ;c21 cm.1 aPensamiento vivov4 aIncluye referencias bibliográficas (p. 513) 4aNicaraguaxPolítica Y Gobiernoy1909-1937.99715 0aNicaraguaxHistoriayREVOLUCIÓN, 1926-1929.9193901 aRamírez, Sergio,d1942-9175661 aMejía, Manueleed.9723 0aPensamiento vivon4919391 001050718MOaGRbGRcHDd2009-09-03iLF1l0o320.7285 S217pp6975-10r2020-06-25w2020-06-25y1ZNo se presta 001050718MOaGRbGRcHDd2011-02-02iLF1l0o320.7285 S217pp6975-20r2020-06-25te. 2w2020-06-25y1ZNo se presta 001153708MOaGRbGRcMId2017-04-03iLF1l0o320.7285 S217pp6975-30r2020-06-25te. 3w2020-06-25y3ZPréstamo restringido c6759d6759